01727na a2200337 450000100060000000300080000600500170001400800410003103500100007204000280008204100080011008200280011810000520014624000260019824501130022424600410033726000220037830000410040044000640044150000980050560000960060360000720069961000880077161000590085961000480091865100430096674002890100974000410129883000230133983000270136219755MIRAKIL20210407115826.0161226b tu 000 0  a19755 aTR-AnCHPbturcTR-AnCHP atur aCHP 324.2372bK44s 2011 aKılıçdaroğlu, KemalcCHP Genel Başkanı aSöz veriyoruzf2011 aSöz veriyoruzbBiz ... sosyal devlet .... gerçekleştirmeyi söz veriyoruzc[Kemal Kılıçdaroğlu] aBiz sosyal devlet sözü veriyoruz aAnkarabCHPc2011 aktl. broşürbrnkl. fotg.c20 sm. aCumhuriyet Halk Partisi yayınlarıpSöz veriyoruz dizisi aBaşka yapıt adı: CHP iktidarı için, el ele ve güvenle, yarının güzel günlerine aKılıçdaroğlu, KemalcCHP Genel BaşkanıxSeçim kampanyaları, 2011ySosyal devlet aKılıçdaroğlu, KemalxPropaganda ve ideolojilerySosyal haklar aCHPxPropaganda ve ideolojileryKılıçdaroğlu dönemiyGenel seçimler, 2011 aCHPxSeçim kampanyaları, 2011yFırsat eşitliği aCHPxAdalet sorunuyÇözüm önerileri aTürkiyexSiyaset ve yönetimy2011- aBiz Türkiye'yi sadaka dağıtan bir devlet olmaktan çıkarıp, insan onuruna saygılı, güçlü bir sosyal devlet haline getirmeyi, böylece açlık,yoksulluk ve eşitsizliklerle mücadele etmeyi ve Türkiye'de fırsat eşitliğini gerçekleştirmeyi söz veriyoruz aBiz sosyal devlet sözü veriyoruz aCHP broşürleri aSöz veriyoruz dizisi